000 00308nam a2200133Ia 4500
008 190723s9999 xx 000 0 und d
020 _a978-1-4886-1092-9
100 _aArthur J. Keown
245 0 _aPersonal Finance
250 _a6th
260 _aAustralia
_bPearson
_c2015
300 _a609.:p
942 _cBK
999 _c1903
_d1903